Ecommerce : (Record no. 52710)

MARC details
000 -LEADER
fixed length control field 00543nam a2200205Ia 4500
005 - DATE AND TIME OF LATEST TRANSACTION
control field 20260429112153.0
008 - FIXED-LENGTH DATA ELEMENTS--GENERAL INFORMATION
fixed length control field 260429s9999||||xx |||||||||||||| ||und||
020 ## - INTERNATIONAL STANDARD BOOK NUMBER
International Standard Book Number 9781647251185
041 ## - LANGUAGE CODE
Language English
082 ## - DEWEY DECIMAL CLASSIFICATION NUMBER
Classification number 658.872
Item number DOY
100 ## - MAIN ENTRY--PERSONAL NAME
Personal name Doyle, Chris
245 #0 - TITLE STATEMENT
Title Ecommerce :
Remainder of title a guide to business and e-marketing /
Statement of responsibility, etc Chris Doyle
250 ## - EDITION STATEMENT
Edition statement 1st ed.
260 ## - PUBLICATION, DISTRIBUTION, ETC. (IMPRINT)
Place of publication, distribution, etc New York :
Name of publisher, distributor, etc NY Research Press,
Date of publication, distribution, etc 2020.
300 ## - PHYSICAL DESCRIPTION
Extent vii, 237 p.; pbk
650 ## - SUBJECT ADDED ENTRY--TOPICAL TERM
Topical term or geographic name as entry element Business
650 ## - SUBJECT ADDED ENTRY--TOPICAL TERM
Topical term or geographic name as entry element E-marketing
650 ## - SUBJECT ADDED ENTRY--TOPICAL TERM
Topical term or geographic name as entry element Ecommerce
942 ## - ADDED ENTRY ELEMENTS (KOHA)
Koha item type Text Books
Holdings
Withdrawn status Lost status Damaged status Not for loan Collection code Home library Location Shelving location Date of Cataloging Source of acquisition Total Checkouts Full call number Barcode Date last seen Price effective from Koha item type
        Non-fiction CUTN Central Library CUTN Central Library Medicine, Technology & Management 29/04/2026 Technical Bureau, New Delhi - Invoice No. TB3352 on 09-02-2026   658.872 DOY 57829 29/04/2026 29/04/2026 Text Books